| 000 | 00719 a2200217 4500 | ||
|---|---|---|---|
| 999 |
_c344820 _d344820 |
||
| 003 | Nust | ||
| 005 | 20180117090020.0 | ||
| 008 | 170120b xxu||||| |||| 00| 0 eng d | ||
| 020 | _a0071125825 | ||
| 024 | _a9780071125826 | ||
| 040 | _c0 | ||
| 082 | _a510.2433 | ||
| 100 | _aDowling,Edward T. | ||
| 245 |
_aIntroduction to Mathematical Economics 2/ed _cEdward T.Dowling |
||
| 250 | _a2nd edition | ||
| 260 |
_aSingapore _bSchaum's Outline Series _c1992 |
||
| 300 | _a485p | ||
| 500 | _aPaper cover | ||
| 942 |
_cBK _k510.2433 DOW _2ddc |
||